Dirija el mejor equipo de trabajo (Registro nro. 5929)
[ vista simple ]
| 000 -CABECERA | |
|---|---|
| campo de control de longitud fija | 00965ata a2200361 4500 |
| 005 - FECHA Y HORA DE ACTUALIZACIÓN | |
| campo de control | 20241024174739.0 |
| 008 - LONGITUD FIJA | |
| campo de control de longitud fija | 150522b xxu||||| |||| 00| 0 spa d |
| 041 ## - IDIOMA | |
| Código de idioma del texto/pista de sonido o título separado | |
| 082 ## - CLASIFICACIÓN DECIMAL DEWEY | |
| Número de clasificación | 658.3 H754d |
| 100 ## - AUTOR PERSONAL | |
| Nombre de persona | Holpp, Lawrence |
| 245 ## - TÍTULO PROPIAMENTE DICHO | |
| Título | Dirija el mejor equipo de trabajo |
| 260 ## - PIE DE IMPRENTA | |
| Lugar de publicación, distribución, etc. | España |
| 260 ## - PIE DE IMPRENTA | |
| Nombre del editor, distribuidor, etc. | McGraw-Hill |
| 260 ## - PIE DE IMPRENTA | |
| Fecha de publicación, distribución, etc. | 2003 |
| 300 ## - DESCRIPCIÓN FÍSICA | |
| Extensión | 234 páginas |
| 650 ## - Materia General | |
| Materia general | ADMINISTRACIÓN DE PERSONAL |
| 650 ## - Materia General | |
| Materia general | DIRIGIR UN EQUIPO DE TRABAJO |
| 650 ## - Materia General | |
| Materia general | TRABAJO EN EQUIPO |
| 650 ## - Materia General | |
| Materia general | EQUIPOS DE TRABAJO |
| 650 ## - Materia General | |
| Materia general | EMPOWERMENT |
| 650 ## - Materia General | |
| Materia general | MANEJO DE CONFLICTOS |
| 650 ## - Materia General | |
| Materia general | COACHING |
| 650 ## - Materia General | |
| Materia general | VISIÓN |
| 650 ## - Materia General | |
| Materia general | MISIÓN |
| 650 ## - Materia General | |
| Materia general | VALORES |
| 650 ## - Materia General | |
| Materia general | ESTRATEGIA |
| 650 ## - Materia General | |
| Materia general | REUNIONES DE TRABAJO |
| 650 ## - Materia General | |
| Materia general | AFRONTACIÓN DE PROBLEMAS DE EQUIPO |
| 650 ## - Materia General | |
| Materia general | EL PAPEL DE UN BUEN DIRECTIVO |
| 650 ## - Materia General | |
| Materia general | TÉCNICAS DE SOLUCIÓN DE PROBLEMAS |
| 650 ## - Materia General | |
| Materia general | RENDIMIENTO LABORAL |
| 942 ## - Punto de Acceso Adicional Koha | |
| Tipo de ítem Koha | Libro |
| Estado perdido | Fuente de clasificación o esquema de estantería | Estado dañado | No para préstamo | Biblioteca permanente | Biblioteca actual | Signatura completa | Código de barras | Precio efectivo a partir del | Programa Académico | Tipo de ítem |
|---|---|---|---|---|---|---|---|---|---|---|
| Dewey Decimal Classification | Departamento de Biblioteca y Documentación Alfonso Chase Brenes | Departamento de Biblioteca y Documentación Alfonso Chase Brenes | 658.3 H722d | 9637 | 14/11/2016 | Libro |